Vista normal
Vista MARC
Entrada Geographic Name
Número de registros utilizados en: 1
001 - CONTROL NUMBER
- control field: 38134
003 - CONTROL NUMBER IDENTIFIER
- control field: OSt
005 - DATE AND TIME OF LATEST TRANSACTION
- control field: 20230915232039.0
008 - FIXED-LENGTH DATA ELEMENTS
- fixed length control field: 230915|| aca||aabn | a|a d
040 ## - CATALOGING SOURCE
- Original cataloging agency: OSt
- Transcribing agency: OSt
151 ## - HEADING--GEOGRAPHIC NAME
- Geographic name: Mompox (Bolívar, Colombia) - Vida social y costumbres - Poesías
670 ## - SOURCE DATA FOUND
- Source citation: Work cat.: (OSt)32690: Obeso, Candelario, 1849 - 1884. 33753, Cantos populares de mi tierra / , 2009.